Statistics for Zoey's Extraordinary Playlist Songs

Click here to take the quiz!

General Stats

  • This quiz has been taken 193 times
    (70 since last reset)
  • The average score is 89 of 149

Answer Stats

EpisodeSung ByAnswer% Correct
1x01MitchTrue Colors
91%
1x01EnsembleHelp!
88%
1x01SimonMad World
88%
1x10SimonMad World
88%
1x02MaxSucker
88%
1x01LeifAll I Do Is Win
82%
1x01MaxI Think I Love You
79%
1x02ZoeyI've Got The Music In Me
79%
1x01Ogling WomenWhatta Man
79%
1x06Max500 Miles
76%
1x01Lonely WomanAll By Myself
76%
1x02Autumn, EnsembleI Wanna Dance With Somebody
76%
1x03SimonNO
76%
1x03JoanRoar
76%
2x02Max, ZoeyA Moment Like This
74%
1x08ZoeyCrazy
74%
2x08Aiden, DavidCrimson Love
71%
1x08ZoeyI'm Yours
71%
1x03JoanSatisfaction
71%
2x02MaxTake Me Out To The Ball Game
71%
1x09Howie, MitchThe Sound of Silence
71%
1x12MaxAll Of Me
68%
2x09EmilyAnyone
68%
2x09MaxAnyone
68%
1x09Simon, JessicaHappier
68%
2x08SimonInto You
68%
1x08ZoeyI Want You To Want Me
68%
FilmMaxJust the Two of Us
68%
2x05MaxNumb
68%
1x08Zoey, MaxPressure
68%
1x06JessicaSay My Name
68%
1x04MoThe Great Pretender
68%
FilmZoey, MaxTime After Time
68%
1x12EnsembleAmerican Pie
65%
FilmZoeyBad Blood
65%
2x06SimonBlack Man In A White World
65%
1x09EmilyButtons
65%
2x11Simon, Rose, EnsembleDon't Stop Me Now
65%
1x09AbigailFight Song
65%
2x04SimonJuice
65%
1x05David, EmilyJust Give Me A Reason
65%
1x02MitchMoondance
65%
2x08Max, RoseNeed You Tonight
65%
2x05Zoey, Aiden, DannyStarships
65%
1x10Joan, AvaThe Boy Is Mine
65%
2x09SimonThe Fox
65%
2x06Simon, Mo, TatianaTightrope
65%
2x01Max, SimonAre You Gonna Be My Girl
62%
FilmMaggieCall Me Maybe
62%
1x07TobinDon't Speak
62%
2x01EnsembleHello, Dolly!
62%
1x08ZoeyHow Do I Live
62%
2x13MitchI Lived
62%
1x08ZoeyI Saw Mommy Kissing Santa Claus
62%
2x08EnsembleKiss Me
62%
2x11MaxNew York State of Mind
62%
2x09Leif, Tobin, McKenzieOne
62%
1x10Mitch, MaggiePerfect
62%
2x02EmilyPoison
62%
2x09EmilyRosanna
62%
FilmMo, EnsembleThe Most Wonderful Time of The Year
62%
2x12Max, LeifThinking Out Loud
62%
2x13MaxWhen A Man Loves A Woman
62%
2x09MaggieAnything You Can Do
59%
1x11MaxBye Bye Bye
59%
1x05LeifEverybody Hurts
59%
2x10EmilyGasoline
59%
1x10Max, SimonHere I Go Again
59%
FilmLeif, TobinHome Sweet Home
59%
2x09RoseIDGAF
59%
2x13ZoeyI Melt With You
59%
1x07LeifI Put A Spell On You
59%
1x12SimonJealous
59%
2x03MaxSay Something
59%
2x13EnsembleShake It Off
59%
1x03Leif, BrogrammersSuperstar
59%
2x07LeifTainted Love
59%
2x09MoThe More I Drink
59%
2x06TobinThe Tracks Of My Tears
59%
2x05AidenUnwritten
59%
FilmZoey, David, Emily, MaggieWish You Were Here
59%
1x06AutumnYou Give Love A Bad Name
59%
2x01David, Emily, MaggieCarry On
56%
1x04MaxCon Te Partiro
56%
2x12Maggie, MitchDream A Little Dream Of Me
56%
1x12MaggieDream A Little Dream Of Me
56%
1x05DavidFight For Your Right
56%
1x12Mitch, DavidGoodnight My Angel
56%
1x12MaxI Know You Want Me
56%
2x02MaxI'll Make Love To You
56%
2x13SimonI'm Still Standing
56%
1x11MoIssues
56%
1x12MoI Will Follow Him
56%
1x04BonnieKokomo
56%
2x07Max, MoLet's Get Loud
56%
1x10LeifLet's Stay Together
56%
2x09AugustLove On The Brain
56%
2x03ZoeyNowhere To Run
56%
2x03JennaOne Call Away
56%
2x01MoRise Up
56%
2x13EnsembleSing
56%
2x04GeorgeStronger
56%
1x04MoThis Little Light Of Mine
56%
1x06JoanTik Tok
56%
2x07AidenWatermelon Sugar
56%
FilmZoey, EnsembleWe Need A Little Christmas
56%
1x04JoanWrecking Ball
56%
1x12ZoeyBad Moon Rising
53%
1x07Mo, EddieBailamos
53%
2x05SimonDon't Let Me Be Misunderstood
53%
2x07DavidDrift Away
53%
1x05MitchIt's Your Thing
53%
1x04BonnieMargaritaville
53%
2x06MoNo More Drama
53%
2x04Max, MoOpposites Attract
53%
2x12DannyPure Imagination
53%
2x11Deb, MaggieRich Girl
53%
2x04AidenSex And Candy
53%
2x13Mo, PerryWe Can Work It Out
53%
FilmAmirah, PerryWhat Christmas Means To Me
53%
1x07MaggieA Little Less Conversation
50%
1x11LeifAll Out Of Love
50%
2x02LeifBaby Did A Bad Bad Thing
50%
2x10DebCheap Thrills
50%
2x08Simon, EnsembleDon't Leave Me This Way
50%
1x11DebFeeling Good
50%
FilmMitchHave Yourself A Merry Little Christmas
50%
1x07Max, EnsembleIf I Can't Have You
50%
2x04EmilyI'll Stand By You
50%
2x10MoI Look To You
50%
2x04DavidI Want To Break Free
50%
FilmDebMele Kalikimaka
50%
1x05SimonShould I Stay Or Should I Go
50%
2x10Simon, Max, MoTearin' Up My Heart
50%
FilmMoUnderneath the Tree
50%
2x11PerryUnwell
50%
1x11Joan, Ava, EnsembleGet Together
47%
2x11EnsembleOverwhelmed
47%
2x12MoShut Up And Drive
47%
2x12ZhangThe Climb
47%
1x09MoThe Trouble With Love Is
47%
1x11Maggie, EnsembleWe Gotta Get Out Of This Place
47%
2x01GeorgeDon't Cry Out Loud
44%
1x03MaggieHow Can You Mend A Broken Heart
44%
2x03Leif, Tobin, GeorgeIt's The Hard-Knock Life
44%
2x10DavidMake You Feel My Love
44%
2x03MaggieSomeone You Loved
44%
2x11SimonSuspicious Minds
44%
2x02MoToo Good At Goodbyes
44%

Score Distribution

Percentile by Number Answered

Percent of People with Each Score

Your Score History

You have not taken this quiz since the last reset